[Event "Perla Baltyku op-A 3rd"]
[Site "Mielno"]
[Date "2007.06.21"]
[Round "5"]
[White "Chojnacki, Krzysztof"]
[Black "Kusina, Jan"]
[Result "1-0"]
[WhiteElo "2372"]
[BlackElo "2147"]
[PlyCount "95"]
[EventDate "2007.06.18"]
[EventType "swiss"]
[EventRounds "9"]
[EventCountry "POL"]
[SourceTitle "CBM 119 Extra"]
[Source "ChessBase"]
[SourceDate "2007.09.04"]
[SourceVersion "1"]
[SourceVersionDate "2007.09.04"]
[SourceQuality "1"]

1. e4 c5 2. Nf3 d6 3. d4 cxd4 4. Nxd4 Nf6 5. Nc3 a6 6. Bc4 e6 7. Bb3 b5 8. 0-0 Be7 9. Qf3 Qc7 10. Qg3 0-0 11. Bh6 Ne8 12. Rad1 Nc6 13. Nxc6 Qxc6 14. Nd5 Qb7 15. Nxe7+ Qxe7 16. f4 f5 17. exf5 Rxf5 18. Rfe1 Kh8 19. Bg5 Nf6 20. Qe3 h6 21. Bh4 e5 22. g4 Nxg4 23. Bxe7 Nxe3 24. Rxe3 exf4 25. Ree1 f3 26. Kf2 Bb7 27. Bxd6 Rg5 28. Rg1 Re8 29. Rd2 Rg2+ 30. Rxg2 fxg2 31. Bc5 Re5 32. Bb6 Rf5+ 33. Kg3 Rf3+ 34. Kg4 Rf6 35. Bg1 Bc6 36. h4 Kh7 37. Kg3 Rf3+ 38. Kh2 Rf1 39. Bd5 Bxd5 40. Rxd5 Rb1 41. b3 Rb2 42. Rd2 Rxa2 43. Rxg2 a5 44. h5 a4 45. Bd4 axb3 46. Rxg7+ Kh8 47. Rg2+ Kh7 48. cxb3 1-0

[Event "Perla Baltyku op-A 3rd"]
[Site "Mielno"]
[Date "2007.06.18"]
[Round "1"]
[White "Kusina, Jan"]
[Black "Sopur, Lech"]
[Result "0-1"]
[WhiteElo "2147"]
[BlackElo "2372"]
[PlyCount "106"]
[EventDate "2007.06.18"]
[EventType "swiss"]
[EventRounds "9"]
[EventCountry "POL"]
[SourceTitle "CBM 119 Extra"]
[Source "ChessBase"]
[SourceDate "2007.09.04"]
[SourceVersion "1"]
[SourceVersionDate "2007.09.04"]
[SourceQuality "1"]

1. d4 c5 2. d5 f5 3. Bg5 Qb6 4. Qc1 Nf6 5. Bxf6 Qxf6 6. Nf3 e5 7. dxe6 d5 8. e3 Bxe6 9. Bb5+ Nc6 10. c4 Rc8 11. 0-0 a6 12. cxd5 Bxd5 13. Be2 Be7 14. Nc3 Be6 15. Rd1 Qf7 16. Qd2 Rd8 17. Qe1 0-0 18. a3 Bb3 19. Rxd8 Rxd8 20. Bd1 Bf6 21. Be2 b5 22. Nd2 Be6 23. Rc1 Na5 24. Nd1 Qd7 25. Rc2 Nb3 26. Nxb3 Bxb3 27. Rc1 Qd2 28. Qxd2 Rxd2 29. Bf3 Bxb2 30. Nxb2 Rxb2 31. g4 fxg4 32. Bb7 c4 33. Bxa6 Ba4 34. Bb7 Rb3 35. Ra1 Kf8 36. Bd5 Rb2 37. Rc1 Ra2 38. Rc3 Ke7 39. Be4 g6 40. Kg2 Kd6 41. Kg3 Bb3 42. Kxg4 Rxf2 43. h4 Ra2 44. Kg5 Rxa3 45. Kh6 Ke5 46. Bb1 Ra1 47. Bc2 b4 48. Rxb3 cxb3 49. Bxb3 Ra3 50. Bc2 b3 51. Bd3 b2 52. Bc2 Rc3 53. Bb1 Rc1 0-1

[Event "Stare Mesto op"]
[Site "Stare Mesto"]
[Date "2006.08.15"]
[Round "6"]
[White "Kusina, Jan"]
[Black "Lys, Josef"]
[Result "0-1"]
[WhiteElo "2128"]
[BlackElo "2230"]
[PlyCount "78"]
[EventDate "2006.08.11"]
[EventType "swiss"]
[EventRounds "10"]
[EventCountry "CZE"]
[SourceTitle "CBM 113 Extra"]
[Source "ChessBase"]
[SourceDate "2006.09.14"]
[SourceVersion "1"]
[SourceVersionDate "2006.09.14"]
[SourceQuality "1"]

1. c4 e5 2. Nc3 f5 3. d4 exd4 4. Qxd4 Nc6 5. Qe3+ Nce7 6. Nh3 Nf6 7. Nf4 b6 8. f3 Bb7 9. Nfd5 Nfxd5 10. cxd5 Kf7 11. Qd3 d6 12. g3 g6 13. Be3 Bg7 14. Bd4 Bxd4 15. Qxd4 Re8 16. 0-0-0 Ng8 17. e4 Qf6 18. Bb5 Re7 19. exf5 Qxf5 20. Rhe1 a6 21. Rxe7+ Nxe7 22. Bd3 Qf6 23. Qc4 Rc8 24. Qg4 Qe5 25. Be4 Rd8 26. f4 Qf6 27. Qf3 Nf5 28. g4 Nd4 29. Qd3 Nb5 30. Nxb5 axb5 31. Rf1 Re8 32. f5 g5 33. Bf3 b4 34. Kb1 Re7 35. Rc1 Qe5 36. Bg2 Kf6 37. Qh3 Kg7 38. Qh5 Qf6 39. Rf1 Re2 0-1

[Event "Perla Baltyku op 2nd"]
[Site "Mielno"]
[Date "2006.06.25"]
[Round "6"]
[White "Kusina, Jan"]
[Black "Panocki, Adrian"]
[Result "0-1"]
[WhiteElo "2128"]
[BlackElo "2183"]
[PlyCount "66"]
[EventDate "2006.06.20"]
[EventType "swiss"]
[EventRounds "10"]
[EventCountry "POL"]
[SourceTitle "CBM 112 Extra"]
[Source "ChessBase"]
[SourceDate "2006.07.14"]
[SourceVersion "1"]
[SourceVersionDate "2006.07.14"]
[SourceQuality "1"]

1. d4 Nf6 2. Nf3 g6 3. c4 Bg7 4. Nc3 d5 5. Bf4 0-0 6. e3 c5 7. Be2 Nc6 8. 0-0 dxc4 9. d5 Na5 10. e4 Nh5 11. Be3 Qc7 12. Nd2 Nf4 13. Nxc4 Nxe2+ 14. Qxe2 Nxc4 15. Qxc4 b6 16. a4 a5 17. Rab1 Ba6 18. Nb5 Qd7 19. b3 f5 20. f3 Kh8 21. Rbd1 fxe4 22. fxe4 Qg4 23. Rfe1 Be5 24. Qc2 Qh5 25. g3 Bc8 26. Rd2 Bh3 27. Rf2 Rf3 28. Bc1 Raf8 29. Ree2 Bxg3 30. hxg3 Rxg3+ 31. Rg2 Bxg2 32. Rxg2 Rf1+ 33. Kxf1 Qh1+ 0-1

[Event "Perla Baltyku op 2nd"]
[Site "Mielno"]
[Date "2006.06.21"]
[Round "2"]
[White "Kusina, Jan"]
[Black "Malaniuk, Vladimir P"]
[Result "0-1"]
[WhiteElo "2128"]
[BlackElo "2539"]
[PlyCount "106"]
[EventDate "2006.06.20"]
[EventType "swiss"]
[EventRounds "10"]
[EventCountry "POL"]
[SourceTitle "CBM 112 Extra"]
[Source "ChessBase"]
[SourceDate "2006.07.14"]
[SourceVersion "1"]
[SourceVersionDate "2006.07.14"]
[SourceQuality "1"]

1. c4 f5 2. Nc3 Nf6 3. g3 d6 4. Bg2 g6 5. d3 Bg7 6. e3 c6 7. Nge2 a5 8. Rb1 e5 9. 0-0 0-0 10. a3 Be6 11. e4 fxe4 12. Nxe4 Nxe4 13. Bxe4 Nd7 14. b4 axb4 15. axb4 Bh3 16. Bg2 Bxg2 17. Kxg2 Qe7 18. Qc2 Qe6 19. Nc3 Rf5 20. h4 Re8 21. Ne4 d5 22. Nc5 Nxc5 23. bxc5 Rf7 24. f3 Rd8 25. Be3 Bf8 26. cxd5 Rxd5 27. Rb3 Qf5 28. Qc4 h5 29. Rf2 Kh7 30. Rf1 Bh6 31. Bxh6 Kxh6 32. Rf2 Kg7 33. Rf1 Kh7 34. Rf2 Kg8 35. Rf1 Qf6 36. Rf2 g5 37. hxg5 Qxg5 38. f4 Qf6 39. Rbb2 exf4 40. Qxf4 Qxf4 41. Rxf4 Rg7 42. d4 Rdg5 43. Rb3 Kh7 44. Kh3 Kg6 45. Rbf3 Rd7 46. Rb3 Rf5 47. Re4 Rf2 48. g4 hxg4+ 49. Kxg4 Rd2 50. Rb4 Kf6 51. Kf4 Rd3 52. Ra4 Rh7 53. Kg4 Rdh3 0-1

[Event "POL-chT 2nd League"]
[Site "Wysowa"]
[Date "2005.09.04"]
[Round "9.23"]
[White "Kusina, Jan"]
[Black "Kasperek, Ryszard"]
[Result "0-1"]
[WhiteElo "2090"]
[BlackElo "2226"]
[PlyCount "83"]
[EventDate "2005.08.27"]
[EventType "team-swiss"]
[EventRounds "9"]
[EventCountry "POL"]
[SourceTitle "EXT 2019"]
[Source "ChessBase"]
[SourceDate "2018.10.10"]
[SourceVersion "1"]
[SourceVersionDate "2018.10.10"]
[SourceQuality "1"]
[WhiteTeam "Krakow TKKF Drogowiec"]
[BlackTeam "Rolnik Roza"]
[WhiteTeamCountry "POL"]
[BlackTeamCountry "POL"]

1. d4 Nf6 2. c4 e6 3. Nf3 b6 4. Nc3 Bb4 5. Bd2 Bb7 6. e3 0-0 7. Bd3 d5 8. 0-0 c5 9. a3 Ba5 10. Rb1 cxd4 11. exd4 Bxc3 12. bxc3 dxc4 13. Bxc4 Nbd7 14. Qe2 Qc7 15. Bd3 h6 16. Rbc1 Ng4 17. Be4 Bxe4 18. Qxe4 Ngf6 19. Qe2 Qd6 20. a4 Rac8 21. Rfe1 Qc6 22. Qb5 Qc4 23. h3 a6 24. Qxc4 Rxc4 25. Ra1 Nd5 26. Ra3 Rfc8 27. Rc1 f6 28. Kf1 Kf7 29. Ke2 e5 30. Kd3 exd4 31. Nxd4 Ne5+ 32. Ke4 R4c5 33. Rb3 Re8 34. f4 f5+ 35. Nxf5 Nf6+ 36. Ke3 Ned7+ 37. Kf3 Rxf5 38. c4 Ne5+ 39. Kf2 Ne4+ 40. Ke2 Nxd2 41. Kxd2 Rxf4 42. c5 0-1

[Event "POL-chT 2nd League"]
[Site "Wysowa"]
[Date "2005.09.03"]
[Round "8.23"]
[White "Delega, Tomasz"]
[Black "Kusina, Jan"]
[Result "1/2-1/2"]
[WhiteElo "2138"]
[BlackElo "2090"]
[PlyCount "41"]
[EventDate "2005.08.27"]
[EventType "team-swiss"]
[EventRounds "9"]
[EventCountry "POL"]
[SourceTitle "EXT 2019"]
[Source "ChessBase"]
[SourceDate "2018.10.10"]
[SourceVersion "1"]
[SourceVersionDate "2018.10.10"]
[SourceQuality "1"]
[WhiteTeam "Miedzyborow Wrzos"]
[BlackTeam "Krakow TKKF Drogowiec"]
[WhiteTeamCountry "POL"]
[BlackTeamCountry "POL"]

1. e4 c5 2. Nf3 d6 3. d4 cxd4 4. Nxd4 Nf6 5. Nc3 a6 6. Bc4 e6 7. Bb3 Nc6 8. Be3 Be7 9. Rg1 Na5 10. g4 Nxb3 11. axb3 d5 12. e5 Nd7 13. Nf3 Rb8 14. Ba7 Ra8 15. Bd4 f6 16. Qe2 fxe5 17. Nxe5 Nxe5 18. Bxe5 0-0 19. 0-0-0 Bf6 20. f4 Bxe5 21. fxe5 1/2-1/2

[Event "Eger Agria op"]
[Site "Eger"]
[Date "2005.08.01"]
[Round "9"]
[White "Kusina, Jan"]
[Black "Boer, Jozsef"]
[Result "0-1"]
[WhiteElo "2090"]
[BlackElo "2277"]
[PlyCount "60"]
[EventDate "2005.07.18"]
[EventType "swiss"]
[EventRounds "9"]
[EventCountry "HUN"]
[SourceTitle "EXT 2008"]
[Source "ChessBase"]
[SourceDate "2007.11.25"]
[SourceVersion "1"]
[SourceVersionDate "2007.11.25"]
[SourceQuality "1"]

1. d4 Nf6 2. c4 c5 3. d5 b5 4. cxb5 a6 5. bxa6 Bxa6 6. Nc3 g6 7. e4 Bxf1 8. Kxf1 d6 9. g3 Bg7 10. Kg2 0-0 11. h3 Nbd7 12. Nf3 Ra5 13. Qe2 Qa8 14. Rd1 Nb6 15. Nd2 Rb8 16. Kh2 Nfd7 17. Ndb1 Na4 18. Nxa4 Rxa4 19. Nc3 Rab4 20. f4 Bd4 21. Rd2 Nf6 22. Qd3 Bxc3 23. bxc3 Rxe4 24. c4 Rd4 25. Qc2 Rxd2+ 26. Bxd2 Qa3 27. Qc3 Qa4 28. Re1 Qxa2 29. Rxe7 Rb2 30. Re2 Ne4 0-1